Servicio Domštico. Gua̕ Laboral

Detalles Bibliográficos
Autor Corporativo: Colombia. Ministerio de trabajo
Formato: eBook
Lenguaje:español
Publicado: [Bogot]̀ : Ministerio de Trabajo (Colombia), 2012
Colección:Cuadernos de negociacin̤ colectiva
Materias:
Acceso en línea:Acceso restringido

MARC

LEADER 00000nam a22000007a 4500
005 20140314124047.0
007 cr|||| ||||
008 140314s2012 co |||||s||||f00||0 spa d
020 |a 978-958-8717-39-5 
035 |a 11804 
040 |a vLex 
090 |c 4708  |d 4708 
245 0 0 |a Servicio Domštico.  |h [Recurso electrn̤ico] :  |b  Gua̕ Laboral  
256 |a Servicio en ln̕ea 
260 |a [Bogot]̀ :  |b Ministerio de Trabajo (Colombia),  |c 2012 
300 |a 1 recurso electrn̤ico 
490 0 |a Cuadernos de negociacin̤ colectiva 
506 1 |a Contenido solo disponible en los productos indicados  |d vLex Global  |d vLex Global (Academic Edition, excluding Law Schools)  |d vLex Global (U.S. Academic Edition, Law Schools)  |d vLex Global (U.S. Academic Edition, excluding Law Schools)  |d vLex Global (Academic Edition, Law Schools) 
650 0 4 |a Servicio domštico  |z Colombia 
650 0 4 |a Derecho laboral  |z Colombia 
710 1 |a Colombia.  |b Ministerio de trabajo 
740 0 |a vLex Libros (Servicio en ln̕ea) 
856 4 0 |u http://vlex.com/source/servicio-domestico-guia-laboral-11804  |z Acceso restringido 
942 |c BOOK 
999 0 |a Household employees 
999 0 |a Labor laws and legislation